Stop a la intimidación escolar o bullying: una guía para padres y maestros (Registro nro. 9405)

Detalles MARC
000 -CABECERA
campo de control de longitud fija 00922nam a22003257a 4500
005 - FECHA Y HORA DE ACTUALIZACIÓN
campo de control 20170608091112.0
008 - LONGITUD FIJA
campo de control de longitud fija 170515b xxu||||| |||| 00| 0 spa d
020 ## - INTERNATIONAL STANDARD BOOK NUMBER
Número Internacional Estándar del Libro 9789962042617
041 ## - IDIOMA
Código de idioma del texto/pista de sonido o título separado
082 ## - CLASIFICACIÓN DECIMAL DEWEY
Número de clasificación 371.782 S883s
110 ## - AUTOR CORPORATIVO
Nombre de entidad corporativa Lexus
245 ## - TÍTULO PROPIAMENTE DICHO
Título Stop a la intimidación escolar o bullying: una guía para padres y maestros
260 ## - PIE DE IMPRENTA
Lugar de publicación, distribución, etc. España
260 ## - PIE DE IMPRENTA
Nombre del editor, distribuidor, etc. Lexus
260 ## - PIE DE IMPRENTA
Fecha de publicación, distribución, etc. 2015
300 ## - DESCRIPCIÓN FÍSICA
Extensión 191 páginas
505 ## - Nota de Contenido
Nota de contenido Contiene DVD N 414
650 ## - Materia General
Materia general BULLYING
650 ## - Materia General
Materia general TESTIMONIOS
650 ## - Materia General
Materia general INTIMIDACIÓN FÍSICA
650 ## - Materia General
Materia general ACOSO ESCOLAR
650 ## - Materia General
Materia general VÍCTIMAS
650 ## - Materia General
Materia general FACTORES E RIESGO
650 ## - Materia General
Materia general INTIMIDACIÓN VERBAL
650 ## - Materia General
Materia general REDES SOCIALES
650 ## - Materia General
Materia general DOCENTES
650 ## - Materia General
Materia general ESTRATEGIAS PEDAGÓGICAS
650 ## - Materia General
Materia general DESARROLLO DE HABILIDADES SOCIALES
942 ## - Punto de Acceso Adicional Koha
Tipo de ítem Koha Libro
Existencias
Estado perdido Estado dañado No para préstamo Biblioteca permanente Biblioteca actual Signatura completa Código de barras Precio efectivo a partir del Tipo de ítem Estado retirado Fuente de clasificación o esquema de estantería
      Departamento de Biblioteca y Documentación Alfonso Chase Brenes Departamento de Biblioteca y Documentación Alfonso Chase Brenes 371.782 S883s 22063 15/05/2017 Libro    
Perdido     Departamento de Biblioteca y Documentación Alfonso Chase Brenes Departamento de Biblioteca y Documentación Alfonso Chase Brenes 414 DVD 414DVD   DVD Retirado Dewey Decimal Classification